000 00437nam a2200181Ia 4500
001 4488
005 20260306145759.0
008 260306t1959||||xx |||||||||||||| ||spa||
041 _aESP
082 _a323.3
_bK76
100 _aKornhauser, William
_eAUT
245 0 _aAspectos políticos de la sociedad de masas
260 _c1959
300 _a243 páginas :
_c20 cm.
650 _aGEN
654 _aCHU
942 _cLIB
_dJUS
_fJUS
_2ddc
_n
999 _c4488
_d4488